000 00808cam a2200253 4500
001 WB3608-32
008 000000n2000 000 0 eng u
035 _a(Sirsi) u104393
245 _aMillions in aid goes begging
260 _c2000
490 _aGuardian
_v 24 February 2000, 13(1)
520 _aThree of England's poorest regions, South Yorkshire, Mersyside and Cornwall could lose £2bn in European aid over a six year programme, because government refuses to confirm whether it will match funding.
590 _aWB
650 _aEUROPEAN AID
650 _aSOUTH YORKSHIRE
650 _aMERSEYSIDE
650 _aCORNWALL
650 _aFUNDING
650 _aASSISTED AREAS
650 _aEUROPEAN COMMISSION
650 _aOBJECTIVE ONE FUNDING
690 _aREGENERATION
942 _n0
999 _c62631
_d62631